000 00331 a2200145 4500
001 166497
020 _a
040 _cMagnum
100 _aMoreira, Antonio Flavio Barbosa
240 1 0 _aCurriculos e programas no brasil
_lpor
245 1 0 _aCurriculos e programas no brasil
362 0 _a1899
697 _aENSINO
942 _cBK
999 _c166497
_d166497